| 000 | 00777cam a2200253 a 4500 | ||
|---|---|---|---|
| 008 | |||
| 020 | _a0201510146 (hbk.) | ||
| 049 | _aMAIN | ||
| 090 | _aQC446.2 | ||
| 100 | 1 | _aNewell, Alan C. | |
| 245 | 1 | 0 |
_aNonlinear optics / _cAlan C. Newell, Jerome V. Moloney. |
| 260 |
_aRedwood City : _bAddison-Wesley, _cc1992. |
||
| 300 |
_axi, 436 p. : _bill. ; _c25 cm. |
||
| 440 | 0 | _aAdvanced topics in the interdisciplinary mathematical sciences | |
| 500 | _aIncludes index. | ||
| 504 | _aIncludes bibliographical references. | ||
| 650 | 0 | _aNonlinear optics. | |
| 700 | 1 | _aMoloney, Jerome V. | |
| 907 |
_a.b10043226 _b02-11-05 _c17-04-03 |
||
| 003 | |||
| 005 | 20230123133212.0 | ||
| 040 | _cNUST | ||
| 942 |
_cBOOKS _kQC446.2 |
||
| 999 |
_c144486 _d144486 |
||